00404nam a2200157Ia 450000500170000000800410001704000190005804100120007708200160008910000190010524500480012426000360017230000100020865000180021885000100023620230327114742.0131103s9999 xx 000 0 und d aLoreto College aEnglish a822.91bPIN aPinter, Harold 4aThe collection and the lovercHarold Pinter aLondonbMethuen & co. ltdc1970 a92p.  aEnglish drama aLCLIB